अवतार वाणी / (Record no. 121672)

MARC details
000 -LEADER
fixed length control field 00962nam a22002297a 4500
005 - DATE AND TIME OF LATEST TRANSACTION
control field 20170124103218.0
010 ## - LIBRARY OF CONGRESS CONTROL NUMBER
LC control number A-586126
020 ## - INTERNATIONAL STANDARD BOOK NUMBER
Terms of availability 15.00
035 ## - SYSTEM CONTROL NUMBER
System control number A-586126
037 ## - SOURCE OF ACQUISITION
Source of stock number/acquisition Cen Lib/Ret
040 ## - CATALOGING SOURCE
Original cataloging agency DPL
Language of cataloging HN
082 ## - DEWEY DECIMAL CLASSIFICATION NUMBER
Classification number 239
Item number अवता
245 ## - TITLE STATEMENT
Title अवतार वाणी /
Statement of responsibility, etc अनुवादक जगन्नाथ शर्मा हंस
246 ## - VARYING FORM OF TITLE
Title proper/short title Avtar vani /
Remainder of title anuvadak Jagannath Sharma Hans
260 ## - PUBLICATION, DISTRIBUTION, ETC. (IMPRINT)
Place of publication, distribution, etc दिल्ली
Name of publisher, distributor, etc संत निरंकारी मण्डल
Date of publication, distribution, etc 1996
270 ## - ADDRESS
City दिल्ली
Postal code 110009
Address संत निरंकारी कालोनी
300 ## - PHYSICAL DESCRIPTION
Extent 154पृ.
Dimensions 20सेमी(सजिल्द )
650 ## - SUBJECT ADDED ENTRY--TOPICAL TERM
Topical term or geographic name as entry element अपोलोजेटिक्स बहस की कला
General subdivision
Geographic subdivision
9 (RLIN) 100228
650 ## - SUBJECT ADDED ENTRY--TOPICAL TERM
Topical term or geographic name as entry element Apologetics Polemics
9 (RLIN) 100229
700 ## - ADDED ENTRY--PERSONAL NAME
Personal name जगन्नाथ शर्मा हंस
9 (RLIN) 80571
942 ## - ADDED ENTRY ELEMENTS (KOHA)
Source of classification or shelving scheme Dewey Decimal Classification
Koha item type Hindi Books
Classification part 239
Call number suffix अवता
Holdings
Withdrawn status Lost status Damaged status Not for loan Home library Current library Date acquired Source of acquisition Cost, normal purchase price Total Checkouts Full call number Barcode Date last seen Copy number Cost, replacement price Price effective from Koha item type
        Central Library Central Library 12/10/2015 Cen Lib/Ret 15.00   239 अवता A-586126 12/10/2015 1 15.00 12/10/2015 Hindi Books

© Delhi Public Library
Hit Counter
free hit counter